Catálogo
 En Linea

La poesia, umbral y dosel de la historia; : (Registro nro. 1124)

Detalles MARC
000 -CABECERA
campo de control de longitud fija 00489nam a22001332 4500
001 - NÚMERO DE CONTROL
campo de control 000001171
005 - FECHA Y HORA DE LA ÚLTIMA TRANSACCIÓN
campo de control 20200929145508.0
008 - DATOS DE LONGITUD FIJA--INFORMACIÓN GENERAL
campo de control de longitud fija 910619s1949 cu 000 0 spa
040 ## - FUENTE DE LA CATALOGACIÓN
Centro catalogador/agencia de origen DO-SdBNP
Lengua de catalogación spa
Centro/agencia transcriptor BNPHU
100 2# - ENTRADA PRINCIPAL--NOMBRE DE PERSONA
Nombre de persona Piedra-Bueno, Andres de,
Fechas asociadas al nombre 1903- [from old catalog]
9 (RLIN) 3994
245 03 - MENCIÓN DE TÍTULO
Título La poesia, umbral y dosel de la historia; :
Resto del título trabajo leido en recepcion publica, el dia 22 de diciembre de 1949.
260 ## - PUBLICACIÓN, DISTRIBUCIÓN, ETC.
Lugar de publicación, distribución, etc. La Habana, :
Nombre del editor, distribuidor, etc. Impr. "El Siglo XX," Muniz Hnos.,
Fecha de publicación, distribución, etc. 1949.
300 ## - DESCRIPCIÓN FÍSICA
Extensión 37 p.
Existencias
Estado de retiro Estado de pérdida Restricciones de uso No para préstamo Código de colección Localización permanente Ubicación/localización actual Ubicación en estantería Fecha de adquisición Número de inventario Total de préstamos Signatura topográfica completa Código de barras Fecha visto por última vez Precio válido a partir de Tipo de ítem Koha
    Préstamo interno Préstamo en sala Dominicana de Servicio Biblioteca Nacional Pedro Henríquez Ureña Biblioteca Nacional Pedro Henríquez Ureña En encuadernación 22.09.2009 LF1   1171-10 25.06.2020 25.06.2020 Libros y folletos

Con tecnología Koha